000 00868cam a22002773a 4500
001 1503
003 PGUSA
005 20140828083002.0
008 981001s1998||||xxu|||||s|||||000 | eng d
040 _aPGUSA
_beng
042 _adc
050 4 _aPR
100 1 _aShakespeare, William,
_d1564-1616
245 1 4 _aThe Tragedy of King Richard III
_h[electronic resource] /
_cWilliam Shakespeare
260 _bProject Gutenberg,
_c1998
506 _aPublic domain in the USA.
516 _aElectronic text
653 _aRichard III, King of England, 1452-1485 -- Drama
653 _aHistorical drama
653 _aTragedies
653 _aGreat Britain -- History -- Richard III, 1483-1485 -- Drama
653 _aGreat Britain -- Kings and rulers -- Drama
830 0 _aProject Gutenberg
_v1503
856 4 0 _uhttp://www.gutenberg.org/ebooks/1503
942 _cEB
999 _c230851
_d230851